B43_【人口20万人以上のみ】3都市からの方位と距離で市区町村を当てる - Statistics

General Stats
  • This quiz has been taken 37 times
  • The average score is 8 of 10
Answer Stats
東京
からの
方位角
東京
からの
距離
札幌
からの
方位角
札幌
からの
距離
福岡
からの
方位角
福岡
からの
距離
市区町村名 % Correct
193.0 27.7 190.5 857.9 73.7 872.1 横浜市
100%
255.0 398.4 210.5 1058.0 74.0 486.0 大阪市
100%
258.2 260.2 205.2 955.3 71.7 623.6 名古屋市
100%
9.3 830.3 0.0 39.0 1419.7 札幌市
100%
257.4 883.8 225.9 1419.7 0.0 福岡市
100%
180.1 18.1 190.2 848.1 73.2 879.9 川崎市
100%
259.2 365.6 210.2 1015.6 70.8 518.5 京都市
100%
259.7 676.9 221.7 1234.0 64.5 209.2 広島市
100%
19.6 303.9 184.6 533.9 58.2 1076.9 仙台市
100%
104.7 37.7 187.8 834.6 73.2 917.4 千葉市
100%
258.6 832.2 225.3 1366.8 53.3 54.6 北九州市
100%
239.4 210.5 199.9 978.8 77.5 686.7 浜松市
100%
346.6 253.7 199.7 604.2 56.0 916.0 新潟市
100%
175.6 14.8 190.2 844.6 73.0 881.8 大田区
100%
251.4 888.1 222.8 1471.4 161.8 91.9 熊本市
100%
245.7 32.9 192.2 848.9 72.5 851.6 相模原市
100%
84.5 15.0 189.4 826.5 72.2 898.6 江戸川区
100%
236.8 144.1 197.0 933.7 76.0 750.5 静岡市
100%
89.7 25.3 188.7 826.4 72.4 908.5 船橋市
100%
8.2 12.6 190.4 817.6 71.3 888.3 川口市
100%
4.7 6.4 190.4 823.9 71.7 885.7 板橋区
100%
275.9 6.1 190.8 830.6 72.0 878.0 杉並区
100%
265.2 35.2 192.7 839.6 71.8 848.9 八王子市
100%
102.7 10.6 189.7 830.9 72.4 893.3 江東区
100%
9.5 96.9 190.4 733.3 66.5 924.7 宇都宮市
100%
60.0 20.9 189.3 817.2 71.7 903.7 松戸市
100%
258.9 554.3 217.4 1147.4 69.5 330.0 倉敷市
100%
67.0 14.1 189.6 822.8 71.9 897.7 葛飾区
100%
256.0 405.5 211.1 1058.1 73.2 478.5 尼崎市
100%
258.8 593.4 218.7 1177.2 69.2 290.9 福山市
100%
206.1 43.8 191.2 872.3 74.4 857.0 藤沢市
100%
290.2 290.6 210.7 826.0 58.2 658.6 金沢市
100%
51.8 31.3 188.9 807.4 71.2 912.1 柏市
100%
235.8 29.0 191.8 850.5 72.8 856.8 町田市
100%
254.4 241.2 203.7 957.1 73.2 643.0 豊田市
100%
165.5 9.7 190.1 839.2 72.7 884.1 品川区
100%
251.1 244.3 203.3 969.8 74.5 641.5 岡崎市
100%
183.5 45.9 190.1 875.9 75.0 872.1 横須賀市
100%
318.0 94.0 195.8 774.9 66.5 841.7 高崎市
100%
22.7 7.1 190.3 823.4 71.7 887.9 北区
100%
0.0 190.4 830.3 72.1 883.8 新宿区
100%
257.0 383.5 210.5 1038.2 72.4 500.3 高槻市
100%
259.0 357.7 209.8 1011.4 71.0 526.3 大津市
100%
299.0 24.3 192.0 822.4 71.0 865.8 所沢市
100%
294.4 4.0 190.7 829.2 71.9 880.5 中野区
100%
17.0 198.3 188.0 634.3 62.1 996.8 郡山市
100%
254.8 291.4 206.0 987.4 73.4 592.8 四日市市
100%
34.9 184.3 183.6 668.7 65.1 1027.1 いわき市
100%
255.3 884.1 224.8 1437.0 161.7 31.7 久留米市
100%
18.5 3.8 190.4 826.5 71.9 885.7 豊島区
100%
78.1 9.1 189.8 827.0 72.1 892.8 墨田区
100%
15.6 462.9 182.6 373.6 51.7 1175.2 盛岡市
100%
42.6 101.7 186.1 747.3 68.6 969.1 水戸市
100%
120.1 43.2 187.7 846.5 73.9 916.0 市原市
100%
262.5 20.6 191.8 836.5 72.0 863.2 府中市
100%
258.2 454.7 213.6 1080.5 71.2 429.2 加古川市
100%
219.0 51.1 192.1 875.0 74.2 844.3 平塚市
100%
338.8 208.9 199.7 658.8 58.4 877.3 長岡市
100%
237.9 110.4 195.7 907.0 74.8 780.5 富士市
100%
259.0 824.1 225.3 1356.7 50.7 64.4 下関市
100%
7.2 680.2 199.9 152.6 42.0 1284.2 函館市
100%
11.1 289.9 189.5 540.6 57.2 1034.7 山形市
100%
70.6 4.7 190.1 828.0 72.0 888.4 文京区
100%
256.0 958.9 226.7 1495.4 234.7 78.4 佐世保市
100%
188.6 3.4 190.4 833.6 72.3 882.6 渋谷区
100%
342.5 33.0 191.5 801.0 69.9 881.5 上尾市
100%
257.2 407.5 211.5 1053.5 72.3 476.3 宝塚市
100%
255.4 904.4 225.2 1453.8 194.5 37.4 佐賀市
100%
336.0 72.6 193.4 770.6 67.4 872.4 太田市
100%
73.3 7.2 189.9 827.1 72.0 891.0 台東区
100%
15.8 557.2 177.7 283.4 48.8 1248.3 八戸市
100%
44.9 25.5 189.3 809.7 71.2 905.4 流山市
100%
252.2 791.6 221.2 1383.0 108.8 118.9 大分市
75%
323.4 96.3 195.6 766.4 66.1 849.2 前橋市
75%
230.8 1554.8 218.0 2244.1 198.5 859.0 那覇市
75%
256.1 425.3 211.9 1071.4 73.2 458.6 神戸市
67%
244.4 961.9 220.4 1589.2 176.2 221.6 鹿児島市
67%
132.4 5.9 190.1 833.5 72.4 887.2 港区
67%
278.5 317.3 211.3 893.1 61.1 598.6 福井市
67%
214.2 48.3 191.7 874.3 74.3 849.2 茅ヶ崎市
67%
224.2 31.9 191.6 856.6 73.3 857.2 大和市
67%
57.1 8.6 190.0 824.5 71.9 891.8 荒川区
67%
326.5 82.3 194.6 771.9 66.9 857.8 伊勢崎市
67%
344.3 19.3 191.0 812.8 70.8 882.9 さいたま市
50%
314.7 6.6 190.8 826.5 71.7 880.2 練馬区
50%
259.4 466.9 214.4 1081.9 69.8 417.5 姫路市
50%
254.1 667.5 219.0 1267.4 82.2 220.8 松山市
50%
255.4 537.5 215.6 1156.9 75.1 347.0 高松市
50%
249.9 444.6 210.8 1117.6 79.5 446.7 和歌山市
50%
253.6 372.2 209.2 1046.6 74.8 512.9 奈良市
50%
13.4 925.3 45.7 113.6 39.0 1533.3 旭川市
50%
4.4 448.2 196.2 385.6 49.1 1101.1 秋田市
50%
8.8 576.6 191.7 253.8 45.8 1218.1 青森市
50%
37.8 54.8 188.5 782.5 69.9 926.7 つくば市
50%
250.5 503.9 212.9 1159.8 81.0 388.1 徳島市
50%
255.7 385.0 210.2 1045.7 73.4 499.1 寝屋川市
50%
45.5 12.8 189.9 819.9 71.6 894.7 足立区
33%
264.5 268.5 206.6 935.5 69.0 618.2 岐阜市
33%
32.2 17.3 189.9 814.4 71.3 896.0 草加市
33%
254.4 390.2 210.1 1055.4 74.4 494.5 東大阪市
25%
220.9 7.0 190.6 836.2 72.4 878.2 世田谷区
0%
253.3 404.2 210.3 1070.8 75.5 481.4 堺市
0%
259.3 539.2 217.1 1133.6 69.0 345.3 岡山市
0%
81.4 20.8 189.0 824.1 72.2 904.5 市川市
0%
256.3 411.0 211.4 1060.4 73.0 472.9 西宮市
0%
256.5 398.4 210.9 1050.7 72.8 485.5 豊中市
0%
297.1 250.0 208.0 790.4 59.0 709.7 富山市
0%
243.7 874.0 218.5 1515.6 152.6 209.6 宮崎市
0%
256.4 381.5 210.2 1040.0 72.9 502.4 枚方市
0%
253.0 961.8 225.1 1523.0 207.7 105.2 長崎市
0%
256.0 394.9 210.7 1050.9 73.2 489.0 吹田市
0%
261.5 266.7 206.0 946.4 70.3 618.0 一宮市
0%
244.7 234.1 201.7 982.4 76.6 657.4 豊橋市
0%
308.4 172.2 201.8 761.5 62.3 786.9 長野市
0%
322.6 32.3 192.1 808.4 70.1 870.7 川越市
0%
19.9 23.2 190.1 807.4 70.8 896.5 越谷市
0%
249.1 613.4 215.5 1256.0 89.8 290.5 高知市
0%
256.2 444.3 212.6 1084.6 73.3 439.7 明石市
0%
259.5 252.8 205.0 946.3 71.2 631.2 春日井市
0%
256.7 388.7 210.6 1043.2 72.6 495.2 茨木市
0%
184.8 5.8 190.4 836.1 72.4 882.0 目黒区
0%
250.5 310.6 206.0 1016.8 75.8 576.5 津市
0%
16.5 239.5 187.5 593.4 60.2 1021.8 福島市
0%
253.6 392.0 209.9 1060.6 75.1 493.2 八尾市
0%
252.0 15.5 191.3 837.5 72.2 868.3 調布市
0%
291.6 167.4 202.1 811.2 64.9 751.3 松本市
0%
8.5 31.4 190.4 798.8 70.2 895.5 春日部市
0%
228.1 41.6 192.1 863.1 73.5 847.7 厚木市
0%
84.8 36.0 188.0 822.0 72.4 919.5 八千代市
0%
283.2 15.4 191.5 829.3 71.6 870.0 西東京市
0%
258.3 671.0 220.9 1240.3 69.3 213.0 呉市
0%
256.8 404.4 211.3 1053.4 72.6 479.4 伊丹市
0%
No matching quizzes found
Score Distribution
Percent of People with Each Score
Percentile by Number Answered
Your Score History
You have not taken this quiz